[Event "Bitlis Betav op 1st"]
[Site "Bitlis"]
[Date "2024.09.07"]
[Round "9"]
[White "Ozcan, Kadir Kutay"]
[Black "Pooreraghian, Mohammadreza"]
[Result "1/2-1/2"]
[WhiteElo "1854"]
[BlackElo "2085"]
[PlyCount "120"]
[EventDate "2024.09.02"]
[EventType "swiss"]
[EventRounds "9"]
[EventCountry "TUR"]
[SourceTitle "EXT 2025"]
[Source "ChessBase"]
[SourceDate "2024.10.14"]
[SourceVersion "1"]
[SourceVersionDate "2024.10.14"]
[SourceQuality "1"]

1. e4 c5 2. Nf3 d6 3. d4 cxd4 4. Nxd4 Nf6 5. Bc4 e6 6. Bd3 Be7 7. 0-0 0-0 8. c4 a6 9. Nc3 b6 10. Kh1 Bb7 11. f4 Nbd7 12. Qe2 Rc8 13. Bd2 Qc7 14. Rae1 Rfd8 15. b3 Bf8 16. Bb1 g6 17. Rf3 Bg7 18. Rh3 e5 19. Nc2 exf4 20. Bxf4 Re8 21. Rd3 Ne5 22. Bxe5 Rxe5 23. Nb4 Rce8 24. Nbd5 Bxd5 25. Nxd5 Nxd5 26. Rxd5 Rxd5 27. cxd5 b5 28. Qc2 Qa5 29. Re2 Be5 30. g3 h5 31. Kg2 Kg7 32. Rf2 Re7 33. Qd2 Qb6 34. Qe2 Rc7 35. Rf3 Qd4 36. Bd3 f6 37. Qf2 Qb4 38. Qb6 Rf7 39. Qxa6 Qd2+ 40. Kh1 h4 41. Qxb5 hxg3 42. hxg3 g5 43. Be2 Kg6 44. Kg2 Qxa2 45. Rf2 Qb1 46. Bf3 Bd4 47. Rf1 Qb2+ 48. Qe2 Qxe2+ 49. Bxe2 Ra7 50. Bg4 Ra2+ 51. Kf3 Rb2 52. Bf5+ Kg7 53. Rh1 g4+ 54. Kxg4 Rxb3 55. Rh7+ Kg8 56. Rh3 Be5 57. Be6+ Kg7 58. Bd7 Re3 59. Bf5 Kg8 60. Be6+ Kg7 1/2-1/2

[Event "Bitlis Betav op 1st"]
[Site "Bitlis"]
[Date "2024.09.06"]
[Round "8"]
[White "Pooreraghian, Mohammadreza"]
[Black "Akyuz, Murat"]
[Result "1/2-1/2"]
[WhiteElo "2085"]
[BlackElo "1905"]
[PlyCount "136"]
[EventDate "2024.09.02"]
[EventType "swiss"]
[EventRounds "9"]
[EventCountry "TUR"]
[SourceTitle "EXT 2025"]
[Source "ChessBase"]
[SourceDate "2024.10.14"]
[SourceVersion "1"]
[SourceVersionDate "2024.10.14"]
[SourceQuality "1"]

1. Nf3 d5 2. b3 Nf6 3. Bb2 g6 4. c4 c6 5. cxd5 Qxd5 6. Nc3 Qa5 7. e3 Bg7 8. Qc1 0-0 9. Be2 Nbd7 10. 0-0 e5 11. b4 Qb6 12. b5 Re8 13. bxc6 bxc6 14. Na4 Qb4 15. Qxc6 Rb8 16. Qc2 Nd5 17. a3 Qa5 18. d3 Ba6 19. Nd2 Bb5 20. Nc3 Rec8 21. Rfc1 N7b6 22. Nb3 Qa6 23. Qd2 Nxc3 24. Rxc3 Rd8 25. Nc5 Qa5 26. Rc2 Qxd2 27. Rxd2 Nc4 28. Rc2 Nxb2 29. Rxb2 Bf8 30. Rc1 Rdc8 31. Rbc2 Rd8 32. a4 Bxc5 33. axb5 Bb6 34. Kf1 Rd5 35. Rb1 Kg7 36. Rc3 Ba5 37. Rcb3 Rbd8 38. g3 f5 39. h4 h5 40. Kg2 Kf6 41. Rc1 Rb8 42. Rcb1 Rbd8 43. Bf1 Bb6 44. Rc1 Ke7 45. Kf3 Rc5 46. Rxc5 Bxc5 47. Ke2 Kd6 48. Bg2 Rb8 49. Bc6 a5 50. Rb2 a4 51. Kd2 a3 52. Ra2 Rg8 53. f4 exf4 54. gxf4 Rg7 55. d4 Bb4+ 56. Kd3 Kc7 57. Kc4 Bf8 58. Kd5 Bb4 59. Ke6 Re7+ 60. Kf6 Rxe3 61. Kxg6 Rd3 62. Kxh5 Rxd4 63. Kg5 Kd6 64. Be8 Ke7 65. Bc6 Kd6 66. Be8 Ke7 67. Bc6 Kd6 68. Be8 Ke7 1/2-1/2

[Event "Bitlis Betav op 1st"]
[Site "Bitlis"]
[Date "2024.09.05"]
[Round "6"]
[White "Pooreraghian, Mohammadreza"]
[Black "Herdem, Talha"]
[Result "1-0"]
[WhiteElo "2085"]
[BlackElo "1928"]
[PlyCount "93"]
[EventDate "2024.09.02"]
[EventType "swiss"]
[EventRounds "9"]
[EventCountry "TUR"]
[SourceTitle "EXT 2025"]
[Source "ChessBase"]
[SourceDate "2024.10.14"]
[SourceVersion "1"]
[SourceVersionDate "2024.10.14"]
[SourceQuality "1"]

1. e4 c5 2. Nf3 e6 3. d4 cxd4 4. Nxd4 Nf6 5. Nc3 Nc6 6. Ndb5 d6 7. Bf4 e5 8. Bg5 a6 9. Na3 b5 10. Nd5 Be7 11. Bxf6 Bxf6 12. c3 0-0 13. Nc2 Rb8 14. h4 g6 15. h5 Bg5 16. Be2 Ne7 17. Ncb4 Bb7 18. hxg6 hxg6 19. Qd3 Kg7 20. Rd1 Rh8 21. Rxh8 Qxh8 22. Bf3 Nxd5 23. Nxd5 Rc8 24. a3 Rc5 25. Ne3 Be7 26. Ke2 Qc8 27. Qd2 Qd8 28. Ng4 Kg8 29. Qh6 Bg5 30. Qh2 a5 31. Rh1 Kf8 32. Rd1 b4 33. axb4 axb4 34. cxb4 Ba6+ 35. Ke1 Qb6 36. Ne3 Qxb4+ 37. Rd2 Rc2 38. Qh8+ Ke7 39. Nd5+ Kd7 40. Bg4+ f5 41. Qg7+ Kc8 42. Nxb4 Bxd2+ 43. Kd1 Bxb4 44. Kxc2 fxg4 45. Qxg6 Bb7 46. Qg8+ Kd7 47. Qf7+ 1-0

[Event "IRI-ch"]
[Site "Tabriz"]
[Date "2013.11.28"]
[Round "2"]
[White "Tabatabaei, Mohammad Amin"]
[Black "Pooreraghian, Mohammadreza"]
[Result "1-0"]
[WhiteElo "2200"]
[BlackElo "2076"]
[PlyCount "95"]
[EventDate "2013.11.27"]
[EventType "swiss"]
[EventRounds "11"]
[EventCountry "IRI"]
[SourceTitle "CBM 157 Extra"]
[Source "ChessBase"]
[SourceDate "2013.12.19"]
[SourceVersion "1"]
[SourceVersionDate "2013.12.19"]
[SourceQuality "1"]

1. e4 e5 2. Nf3 Nc6 3. Bb5 a6 4. Ba4 Nf6 5. 0-0 Be7 6. Qe2 b5 7. Bb3 d6 8. c3 0-0 9. Rd1 Na5 10. Bc2 c5 11. d4 Qc7 12. d5 c4 13. b4 cxb3 14. axb3 Nb7 15. Bd2 Bd7 16. Na3 Rfb8 17. b4 Be8 18. Bd3 Nd7 19. c4 bxc4 20. Nxc4 a5 21. bxa5 Nbc5 22. Bc2 Nb3 23. Bxb3 Rxb3 24. Rdc1 Nc5 25. Nb6 Ra7 26. Be3 Rb5 27. Qe1 Bd8 28. h3 f6 29. Na4 Rbxa5 30. Nxc5 Rxa1 31. Rxa1 Rxa1 32. Qxa1 dxc5 33. Nd2 c4 34. Qc3 Bb5 35. Qb4 Qa5 36. Qc5 Qa6 37. Nb1 Bd7 38. Na3 Kf7 39. Nxc4 Be7 40. Qc7 Qc8 41. Qa7 Qd8 42. Bc5 Bxc5 43. Qxc5 Kg6 44. Qd6 Qe8 45. Qc7 Qc8 46. d6 Qa6 47. Nxe5+ fxe5 48. Qxd7 1-0